000 00316nam a2200121Ia 4500
005 20251222144623.0
008 251222s9999||||xx |||||||||||||| ||spa||
082 _a739.23/M84
245 0 _aLa Orfebreria Hispanoamericana en Andalucía Occidental
250 _a1ra.ed.
264 _bFundación el Monte
942 _cLIB
999 _c16018
_d16018